|
|
|
|
| LEADER |
00000nab a2200000 a 4500 |
| 001 |
vtls009333627 |
| 003 |
SK-MaSNL |
| 005 |
20260304153843.0 |
| 008 |
250507c2008 xo |||||||||||000 b|slo |
| 015 |
|
|
|a SNBRB2008/09
|2 snkbucl
|
| 035 |
|
|
|a (sysno)vtls009333627
|
| 035 |
|
|
|a urn:nbn:sk:snk-ab72cx
|
| 035 |
|
|
|a (uuid)c4483c07-90ab-4109-bf03-934f970f7226
|
| 035 |
|
|
|a (urnnbn)urn:nbn:sk:snk:ar-a06pnr
|
| 038 |
|
|
|a SNKBUCL
|
| 040 |
|
|
|a SNKBUCL
|b slo
|c SNKBUCL
|e AACR2
|
| 041 |
0 |
|
|a cze
|b eng
|b cze
|
| 044 |
|
|
|a xo
|c SK
|
| 080 |
|
|
|a 621.9.015
|2 2001
|
| 100 |
1 |
|
|a Jersák, Jan,
|d 1957-
|4 aut
|9 107522
|
| 245 |
1 |
0 |
|a Vliv dokončovacího obrábění na kvalitu povrchové vrstvy obrobku
|c Jan Jersák, Pavel Hanus, Jiří Karásek
|
| 246 |
3 |
4 |
|a The effect of finishing on the quality of the workpiece surface layer
|
| 300 |
|
|
|b Grafy, fotogr., sch., tab.
|
| 504 |
|
|
|a Bibliogr. odkazy
|
| 546 |
|
|
|a Res. angl., čes.
|
| 650 |
0 |
7 |
|a trieskové obrábanie
|2 snkbucl
|9 51399
|
| 650 |
0 |
7 |
|a obrobené povrchy
|2 snkbucl
|9 1062577
|
| 650 |
0 |
7 |
|a strojové súčiastky
|2 snkbucl
|9 116860
|
| 650 |
0 |
7 |
|a kvalita povrchu
|2 snkbucl
|9 67961
|
| 700 |
1 |
|
|a Hanus, Pavel
|4 aut
|9 165483
|
| 700 |
1 |
|
|a Karásek, Jiří
|4 aut
|9 526046
|
| 773 |
0 |
|
|t Výrobné inžinierstvo = Manufacturing engineering
|g Roč. VII, č. 2 (2008), s. 17-20
|x 1335-7972
|
| 850 |
|
|
|a Slovenská národná knižnica
|
| 852 |
|
|
|a Slovenská národná knižnica
|
| 958 |
|
|
|a article27
|
| 958 |
|
|
|a NB
|
| 958 |
|
|
|a OND
|
| 958 |
|
|
|a EUIPO
|
| 999 |
|
|
|c 2955216
|d 2957146
|